La philosophie critique de l'histoire : essai sur une theorie allemande de l'histoire
Αποθηκεύτηκε σε:
| Κύριος συγγραφέας: | |
|---|---|
| Μορφή: | Βιβλίο |
| Γλώσσα: | French |
| Δημοσίευση: |
France :
J. Vrin,
1969.
|
| Σειρά: | Points. Sciences humaines ;
18 |
| Θέματα: | |
| Ετικέτες: |
Προσθήκη ετικέτας
Δεν υπάρχουν, Καταχωρήστε ετικέτα πρώτοι!
|
MARC
| LEADER | 00000cam a2200000 i 4500 | ||
|---|---|---|---|
| 001 | 1/101 | ||
| 008 | 950629s1969 fr | ||| |||| ||fre|| | ||
| 020 | |a 202000593X | ||
| 035 | |l 10013958 | ||
| 040 | |a GR-MyUa |b gre |e AACR2 | ||
| 041 | 0 | |a fre | |
| 082 | 7 | |a 901 |2 (22) | |
| 100 | 1 | |a Aron, Raymond, |d 1905-1983. | |
| 245 | 1 | 3 | |a La philosophie critique de l'histoire : |b essai sur une theorie allemande de l'histoire / |c Raymond Aron. |
| 260 | |a France : |b J. Vrin, |c 1969. | ||
| 300 | |a 313 σ. ; |c 19 εκ. | ||
| 490 | 1 | |a (Points. Sciences humaines ; |v 18) | |
| 650 | 0 | |a History |x Philosophy. | |
| 830 | 0 | |a Points. |p Sciences humaines ; |v 18 | |
| 852 | |a INST |b LESVOS |e 19950629 |h 901 ARO |p 005100008252 |q 005100008252 |t BK |y 0 | ||
| 922 | |a 1ΕΛΗ |b 199108 |c ΠΠ/1103 | ||